| 000 | 01376nam a2200217 4500 | ||
|---|---|---|---|
| 999 |
_c56742 _d56742 |
||
| 003 | Ge_BSU | ||
| 005 | 20190422151341.0 | ||
| 008 | 190412s2009 geo||||| |||| 00| 0 geo d | ||
| 020 | _a9789941101922 | ||
| 041 | _ageo | ||
| 080 | _a346.26 თ-29 | ||
| 245 |
_aთანამედროვე საკორპორაციო სამართლის თეორიული და პრაქტიკული საკითხები / _cპროექტ. სამეც. ხელმძღვ. გია ლილუაშვილი ; თინათინ წერეთლის სახელმწიფოსა და სამართლის ინ-ტი. |
||
| 264 |
_aთბილისი : _bმერიდიანი, _c2009. |
||
| 300 |
_a540 გვ. ; _c21 სმ. |
||
| 504 | _aბიბლიოგრ. ტექს. შენიშვნ.. | ||
| 653 | _aსამართალი | ||
| 653 | _aთანამედროვე საკორპორაციო სამართალის თეორია | ||
| 700 |
_aლილუაშვილი, გია _eპროექტ. სამეცნ. ხელ-ლი _9172 |
||
| 710 |
_aთინათინ წერეთლის სახელმწიფოსა და სამართლის ინსტიტუტი _9173 |
||
| 942 |
_2udc _cBK |
||